Đặc điểm nhân vật truyện cổ và việc "hiện đại hóa" truyện cổ dân gian /

Сохранить в:
Библиографические подробности
Главный автор: Lê Tiến Dũng
Формат: Статья
Язык:Vietnamese
Предметы:
Метки: Добавить метку
Нет меток, Требуется 1-ая метка записи!
Thư viện lưu trữ: Thư viện Trường Đại học Đà Lạt
LEADER 00779nam a2200265 4500
001 DLU050049202
040 # # |a DLU  |b vie 
041 # # |a vie 
044 # # |a vn 
100 # # |a Lê Tiến Dũng 
245 # # |a  Đặc điểm nhân vật truyện cổ và việc "hiện đại hóa" truyện cổ dân gian /  |c Lê Tiến Dũng 
653 # # |a Nghiên cứu văn học 
653 # # |a Truyện cổ dân gian 
773 # # |t Nghiên cứu văn học  |g Số 3, 2004, tr.91-103 
920 # # |a Phòng Tạp chí -- Trung tâm Thông tin - Thư viện Trường Đại học Đà Lạt 
933 # # |a NV 
994 # # |a DLU 
900 # # |a True 
911 # # |a Nguyễn Thị Yên 
925 # # |a G 
926 # # |a A 
927 # # |a BB 
980 # # |a Thư viện Trường Đại học Đà Lạt